000 00628cam a22002533a 4500
001 23854
003 PGUSA
005 20140828083517.0
008 071214s2007||||xxu|||||s|||||000 | eng d
040 _aPGUSA
_beng
042 _adc
050 4 _aBL
100 1 _aXing, Jian
245 1 0 _a文子
_h[electronic resource] /
_cJian Xing
260 _bProject Gutenberg,
_c2007
506 _aPublic domain in the USA.
516 _aElectronic text
653 _aTaoism
700 1 _aLu, Yi-Shin
740 0 _aWenzi
830 0 _aProject Gutenberg
_v23854
856 4 0 _uhttp://www.gutenberg.org/ebooks/23854
942 _cEB
999 _c253109
_d253109